| 000 | 01135nam a22002657a 4500 | ||
|---|---|---|---|
| 005 | 20240530110947.0 | ||
| 008 | 221114s 2021ua a g 000 0 ara d | ||
| 017 |
_a3829/2020 _bمصر. دار الكتب |
||
| 020 | _a9789773196370 | ||
| 040 |
_aEG-CaGPL _cEG-CaGPL |
||
| 082 | 0 | 4 |
_221 _a327.16 _bد أ |
| 100 | 0 | _aدعاء داود | |
| 245 | 1 | 0 |
_aازمة سد النهضة الاثيوبى : _bردود الافعال المصرية السودانية / _cدعاء داود |
| 250 | _aط.1 | ||
| 260 |
_aالقاهرة : _bالعربى للنشر و التوزيع، _c2021. |
||
| 300 |
_a294 ص. : _bايض ؛ _c24 سم. |
||
| 650 | 0 | 7 |
_2qrmak _aالانهار _xقانون دولى |
| 651 | 0 | 7 |
_2qrmak _aمصر _xالعلاقات الخارجية _zالسودان |
| 651 | 0 | 7 |
_2qrmak _aالسودان _xالعلاقات الخارجية _zمصر |
| 651 | 0 | 7 |
_2qrmak _aمصر _xالعلاقات الخارجية _zاثيوبيا |
| 651 | 0 | 7 |
_2qrmak _aاثيوبيا _xالعلاقات الخارجية _zمصر |
| 653 | 0 | _aسد النهضة الاثيوبى | |
| 942 |
_2ddc _cBK |
||
| 999 |
_c66928 _d66928 |
||